Lodges examined by the Bible. (Record no. 2789)
[ view plain ]
| 000 -LEADER | |
|---|---|
| fixed length control field | 00608nam a2200205I 4500 |
| 001 - CONTROL NUMBER | |
| control field | 903896 |
| 003 - CONTROL NUMBER IDENTIFIER | |
| control field | OSt |
| 005 - DATE AND TIME OF LATEST TRANSACTION | |
| control field | 20181018162848.0 |
| 008 - FIXED-LENGTH DATA ELEMENTS--GENERAL INFORMATION | |
| fixed length control field | 740530|1943||||||| |||| ||eng u |
| 040 ## - CATALOGING SOURCE | |
| Transcribing agency | HUC |
| Modifying agency | m.c. |
| -- | BSC |
| 082 ## - DEWEY DECIMAL CLASSIFICATION NUMBER | |
| Classification number | 366 |
| Item number | R495L |
| 092 ## - LOCALLY ASSIGNED DEWEY CALL NUMBER (OCLC) | |
| Classification number | 366.1 |
| Item number | R496ℓ, 1943a |
| 100 1# - MAIN ENTRY--PERSONAL NAME | |
| Personal name | Rice, John R., |
| Dates associated with a name | 1895- |
| 245 10 - TITLE STATEMENT | |
| Title | Lodges examined by the Bible. |
| Remainder of title | Is it a sin for a Christian to have membership in secret orders? |
| 260 ## - PUBLICATION, DISTRIBUTION, ETC. | |
| Place of publication, distribution, etc. | Murfreesboro, Tenn., |
| Name of publisher, distributor, etc. | Sword of the Lord Publishers, |
| Date of publication, distribution, etc. | c1943. |
| 300 ## - PHYSICAL DESCRIPTION | |
| Extent | 80 p. |
| Dimensions | 20 cm. |
| 610 20 - SUBJECT ADDED ENTRY--CORPORATE NAME | |
| Corporate name or jurisdiction name as entry element | Freemasons. |
| 650 #0 - SUBJECT ADDED ENTRY--TOPICAL TERM | |
| Topical term or geographic name entry element | Secret societies. |
| 942 ## - ADDED ENTRY ELEMENTS (KOHA) | |
| Source of classification or shelving scheme | Dewey Decimal Classification |
| Koha item type | Books |
| Withdrawn status | Lost status | Source of classification or shelving scheme | Damaged status | Not for loan | Collection code | Home library | Current library | Shelving location | Date acquired | Cost, normal purchase price | Total Checkouts | Full call number | Barcode | Date last seen | Price effective from | Koha item type |
|---|---|---|---|---|---|---|---|---|---|---|---|---|---|---|---|---|
| Dewey Decimal Classification | Non-fiction | Harvest Mission College | Harvest Mission College | General Stacks | 18.10.2018 | 120.00 | 366 R495L | 002027 | 18.10.2018 | 18.10.2018 | Books |
